LEADER 00872nam a2200217 i 4500 001 000000155643 003 CaOOAMICUS 005 20190624102853.0 008 061116s1938 it u000 u ita u 013 $a132997 040 $aSeMil$bita 245 10$a4: 1826-1827. 300 $a324 p., [3] c. di tav. 700 1 $aLeopardi, Giacomo,$d<1798-1837>.$0(OLS)http://semarc/name/1218 700 1 $aMoroncini, Francesco.$0(OLS)http://semarc/name/7745 773 0 $aLeopardi, Giacomo <1798-1837>$tEpistolario di Giacomo Leopardi.$bNuova edizione ampliata con lettere dei corrispondenti e con note illustrative.$dFirenze : Le Monnier, 1934-1941.$w()16846 850 $aSeMil 852 $aSeMil$W1$xVenegono$y1$m1E I 47$j107474$B107474$CSeMilBibl$Z2$F116952 $81 961 $aRecupero: Altro 996 $6245$a4: 1826-1827$9(OLS)http://semarc/title/227990 LEADER 01206nam a2200265 4500 001 000000358566 003 CaOOAMICUS 005 20240801125056.0 008 240605s2024 it 000 u ita r 040 $aSeMil$bita 245 00$aComunicare la disabilità :$bprima la persona /$c[a cura di Antonio Giuseppe Malafarina, Claudio Arrigoni, Lorenzo Sani]. 264 1$aRoma :$bOrdine dei giornalisti, Consiglio nazionale,$c[2024] 300 $a110 p. ;$c21 cm 541 0 $aOmaggio mons. Mario Delpini (3X II 284) 650 4$aDisabilità - Comunicazione.$0(OLS)http://semarc/subject/55843 700 1 $aSani, Lorenzo.$0(OLS)http://semarc/name/119798 700 1 $aMalafarina, Antonio Giuseppe.$0(OLS)http://semarc/name/119797 700 1 $aArrigoni, Claudio.$0(OLS)http://semarc/name/59364 850 $aSeMil 852 $aSeMil$W1$xVenegono$y1$m3X II 284$j250032$B249669$CSeMilBibl$Z2$F249669 $81 941 1 $a7 961 $aOmaggio mons. Mario Delpini 996 $6245$aComunicare la disabilità :$bprima la persona$9(OLS)http://semarc/title/448933 996 $6264$aRoma :$bOrdine dei giornalisti, Consiglio nazionale$9(OLS)http://semarc/publisher/39491